| 000 | 00635nam a22001337a 4500 | ||
|---|---|---|---|
| 040 | _cRUA | ||
| 082 | _aVEM PHE 2015 B522 Or.1 | ||
| 100 | _aPHEAC CHAMVIRAK; ភាវ ចមវីរៈ | ||
| 245 | _aEffective on solution FeEDTA/FeEDDHA on the growth of bok choy by hydrophonics; ឥទ្ធិពលនៃអត្រាFeEDTA/FeEDDHA លើការលូតលាស់ដំណាំស្ពៃតឿដាំតាមបច្ចេកទេស | ||
| 260 |
_aPhnom Penh _bRUA _c2015 |
||
| 300 |
_ax; 34p; _bill; _c29cm; |
||
| 856 | _uEFFECTIVE ON SOLUTION FeEDTA/FeEDDHA ON THE GROWTH OF BOK CHOY BY HYDROPHONICS | ||
| 942 | _cVEM | ||
| 999 |
_c10680 _d10680 |
||